Kabale University Library Catalogue

Economis for Business / (Record no. 2345)

MARC details
000 -LEADER
fixed length control field 00542nam a22001937a 4500
005 - DATE AND TIME OF LATEST TRANSACTION
control field 20201104130549.0
008 - FIXED-LENGTH DATA ELEMENTS--GENERAL INFORMATION
fixed length control field 201104b ||||| |||| 00| 0 eng d
020 ## - INTERNATIONAL STANDARD BOOK NUMBER
International Standard Book Number 9781292082103
040 ## - CATALOGING SOURCE
Transcribing agency KABLIB
082 ## - DEWEY DECIMAL CLASSIFICATION NUMBER
Edition number 23
Classification number 330
Item number ECO
245 ## - TITLE STATEMENT
Title Economis for Business /
Statement of responsibility, etc. John Sloman ...etal
250 ## - EDITION STATEMENT
Edition statement 7th ed .:
260 ## - PUBLICATION, DISTRIBUTION, ETC.
Place of publication, distribution, etc. England :
Name of publisher, distributor, etc. Pearson ,
Date of publication, distribution, etc. c2013.
300 ## - PHYSICAL DESCRIPTION
Extent xiii,638p.:ill.(som.col.);
Dimensions 27cm
500 ## - GENERAL NOTE
General note includes:index (many pages )
650 ## - SUBJECT ADDED ENTRY--TOPICAL TERM
Topical term or geographic name entry element business
9 (RLIN) 6416
700 ## - ADDED ENTRY--PERSONAL NAME
Personal name Sloman,John
Numeration editor
9 (RLIN) 6417
942 ## - ADDED ENTRY ELEMENTS (KOHA)
Source of classification or shelving scheme Dewey Decimal Classification
Koha item type Book
Holdings
Withdrawn status Lost status Source of classification or shelving scheme Damaged status Not for loan Home library Current library Shelving location Date acquired Total Checkouts Full call number Barcode Date last seen Price effective from Koha item type
    Dewey Decimal Classification     Education Library Education Library Reserve Section 04.11.2020   330 ECO 2886 04.11.2020 04.11.2020 Book

Kabale University Library | Kabale University P.O Box 317, Kabale, Uganda
Tel : +256754017033, +256774661503 E-mail : library@kab.ac.ug